<?xml version="1.0" encoding="UTF-8"?>
<collection xmlns="http://www.loc.gov/MARC21/slim">
 <record>
  <leader>01631nam a2200217Ia 4500</leader>
  <controlfield tag="001">CTU_38338</controlfield>
  <controlfield tag="008">210402s9999    xx            000 0 und d</controlfield>
  <datafield tag="020" ind1=" " ind2=" ">
   <subfield code="c">2000</subfield>
  </datafield>
  <datafield tag="082" ind1=" " ind2=" ">
   <subfield code="a">344.597052</subfield>
  </datafield>
  <datafield tag="082" ind1=" " ind2=" ">
   <subfield code="b">V308</subfield>
  </datafield>
  <datafield tag="110" ind1=" " ind2=" ">
   <subfield code="a">Việt Nam (Cộng hòa Xã hội Chủ nghĩa)</subfield>
  </datafield>
  <datafield tag="245" ind1=" " ind2="0">
   <subfield code="a">Pháp lệnh lực lượng cảnh sát biển Việt Nam</subfield>
  </datafield>
  <datafield tag="245" ind1=" " ind2="0">
   <subfield code="c">Việt Nam (Cộng hòa Xã hội Chủ nghĩa)</subfield>
  </datafield>
  <datafield tag="260" ind1=" " ind2=" ">
   <subfield code="a">Hà Nội</subfield>
  </datafield>
  <datafield tag="260" ind1=" " ind2=" ">
   <subfield code="b">Chính trị Quốc gia</subfield>
  </datafield>
  <datafield tag="260" ind1=" " ind2=" ">
   <subfield code="c">1998</subfield>
  </datafield>
  <datafield tag="520" ind1=" " ind2=" ">
   <subfield code="a">Gồm các văn bản pháp luật của nhà nước Việt Nam về việc bảo vệ chủ quyền, giữ vững an ninh chính trị, trật tự, an toàn xã hội, bảo đảm chấp hành pháp luật của Việt Nam và các điều ước quốc tế có liên quan đã ký hoặc tham gia trên các vùng biển và thềm lục địa. Những quy định chung. Trách nhiệm, nhiệm vụ và quyền hạn của lực lượng cảnh sát biển Việt Nam. Tổ chức của lực lượng cảnh sát biển Việt Nam. Tổ chức của lực lượng cảnh sát biển Việt Nam. Quản lý nhà nước, chế độ chính sách đối với cán bộ, chiến sĩ cảnh sát biển. Điều khoản thi hành</subfield>
  </datafield>
  <datafield tag="650" ind1=" " ind2=" ">
   <subfield code="a">Police,Chính trị</subfield>
  </datafield>
  <datafield tag="650" ind1=" " ind2=" ">
   <subfield code="x">Legal status, laws, etc,Địa vị pháp lý, pháp luật, etc</subfield>
  </datafield>
  <datafield tag="904" ind1=" " ind2=" ">
   <subfield code="i">Nguyên sửa</subfield>
  </datafield>
  <datafield tag="980" ind1=" " ind2=" ">
   <subfield code="a">Trung tâm Học liệu Trường Đại học Cần Thơ</subfield>
  </datafield>
 </record>
</collection>
